000 00746nam a2200253Ia 4500
003 OSt
005 20220912151404.0
006 a|||||r|||| 00| 0
007 ta
008 220909b |||||||| |||| 00| 0 eng d
024 _a23977
037 _cTextual
040 _aCSL
_beng
_cCSL
041 _aeng
082 _aB43, M11
100 _aNachbin Leopoldo
245 0 _aIntroduction to functional analysis: Banach spaces and differential calculus
260 _aNew York
_b Marcel Dekker
_c1981
300 _aix, 166p.
_ccm.
490 _aMonographs and texts books in pure an applied mathematics; 60
650 _aFunctional analysis
942 _hB43, M11
_cTEXL
_2CC
999 _c67421
_d67421